000 00347nam a2200133Ia 4500
005 20260328101444.0
008 260328s9999||||xx |||||||||||||| ||und||
100 _aSteegmann, Enrique
245 0 _aLas Medidas en Arquitectura /
_cEnrique Steegmann
260 _bGustavo Gili
300 _a190 p.
650 _aARQUITECTURA - ELEMENTOS
942 _cBK
999 _c8375
_d8375